01070 a2200217 4500003000500000005001700005010001200022040000900034082001200043100002800055245005400083250001100137260003400148300001100182505036300193650001600556942002100572999001900593952012100612952011900733Nust20221104120216.0 a7388136 cNust a510,YOU aYouse, Bevan K.9102377 aAn Introduction to mathematics / cBevan K. Youse a2nd ed aBostanbAllyn and Baconc1970 a287 p. aThe nature of mathematics (Page-1), Numbers and numerals (Page-7), Checks and pseudo-checks(page 41), The expanding world of numbers (Page-63), Number patterns (Page-93), A look at topology (Page-129), Probability and statistics (Page-157), Logic and axiomatic approach (Page-189), The principles of computer programming (Page-227), Number theory (Page-247). aMathematics 2ddccBKk510,YOU c180215d180215 00102ddc4070aMCSbMCScGENd2016-12-12o510,YOUpMCS20866r2016-12-08w2016-12-12yBKzAlmirah No.10, Shelf No.2 00102ddc4070aMCSbMCScGENd2016-12-12o510, YOUpMCS90r2016-12-08w2016-12-12yBKzAlmirah No.10, Shelf No.2